Seminario internacional: Modelos de innovación, transferencia tecnológica y creación de empresas

Saved in:
Bibliografiske detaljer
Main Authors: Mimica, Iván (Author), Rosenblatt, Pablo (Author), Rabuco Jeraldino, Claudio (Author)
Format: Bog
Sprog:spansk
Udgivet: Santiago CTI Salud 2008
Udgivelse:1a. ed
Fag:
Tags: Tilføj Tag
Ingen Tags, Vær først til at tagge denne postø!

MARC

LEADER 00000nam a2200000 a 4500
001 UCH2414
003 CL-VaPUC
005 20241111121455.0
008 090611e20080000cl 1 spa d
020 |a 9789568756000 
082 0 4 |a 658.406  |b MIM  |2 21 
100 1 |a Mimica, Iván  |e author  |9 621405 
700 1 |a Rosenblatt, Pablo  |e author  |9 621406 
700 1 |a Rabuco Jeraldino, Claudio  |e author  |9 621407 
245 1 0 |a Seminario internacional: Modelos de innovación, transferencia tecnológica y creación de empresas 
250 |a 1a. ed 
260 |a Santiago  |b CTI Salud  |c 2008 
300 |a 131 p 
500 |a Anexo: Material audiovisual en formato DVD 
583 |a last modification  |c 20190908 06:53:50  |k Rodrigo Vera 
650 0 0 |a Administración de empresas   |9 260833 
650 0 7 |a CREACION DE EMPRESAS  |2 CL-VaPUC  |9 556320 
650 0 7 |a INNOVACIONES TECNOLOGICAS  |2 CL-VaPUC  |9 621408 
650 0 0 |a Transferencia de tecnología  |9 259659 
650 0 0 |a Planificación estratégica   |9 259735 
650 0 0 |a Educación superior   |9 223851 
942 |c BK 
945 |a cmena  |d 20090611 00:00:00 
546 |a En Español 
536 |a Programa Bicentenario de Conicyt 
536 |a CORFO 
518 |p Modelos de Innovación Transferencia Tecnológica y Creación de Empresas, 1, Santiago, 18 y 19 de octubre de 2007 
999 |c 384440  |d 384438 
952 |0 0  |1 0  |4 0  |6 658_406000000000000_MIM_2008  |7 0  |8 C  |9 507148  |a BIBCUR  |b BIBCUR  |d 2020-01-23  |i 4563417  |o 658.406 MIM 2008  |p 4563417  |r 2025-04-22  |w 2020-01-23  |y BK  |k IDI 
952 |0 0  |1 0  |4 0  |6 658_406000000000000_MIM_2008  |7 0  |8 C  |9 507149  |a BIBCUR  |b BIBCUR  |d 2020-01-23  |h dvd  |i 4563425  |l 1  |o 658.406 MIM 2008  |p 4563425  |r 2025-04-22  |s 2024-07-01  |w 2020-01-23  |y BK  |k IDI